| 000 | 03861nas1a22004211i 4500 | ||
|---|---|---|---|
| 001 | RU\NLR\Per\554862 | ||
| 005 | 20260407091926.0 | ||
| 011 |
_a1996-6733 _y1995-7262 |
||
| 035 | _a(NLR Aleph) 002780311 | ||
| 090 |
_a2399373 _c2399373 |
||
| 100 | _a20080711a20079999|||y0rusy50 ca | ||
| 101 | 0 | _arus | |
| 102 | _aRU | ||
| 110 | _aah||||||||| | ||
| 200 | 1 |
_aПроблемы биологии продуктивных животных _eбюллетень ВНИИ физиологии, биохимии и питания сельскохозяйственных животных РАСХН _eнаучно-теоретический журнал _fРос. акад. с.-х. наук |
|
| 210 |
_aБоровск _c[б. и.] _d2007 - |
||
| 311 | _aРанее выходил как: Бюллетень Всероссийского научно-исследовательского института физиологии, биохимии и питания сельскохозяйственных животных | ||
| 430 | 0 |
_12001#$aБюллетень Всероссийского научно-исследовательского института физиологии, биохимии и питания сельскохозяйственных животных _171002$3RU\NLR\AUTH\8810031114$aВсероссийский НИИ физиологии, биохимии и питания сельскохозяйственных животных$cБоровск$4070 _tБюллетень Всероссийского научно-исследовательского института физиологии, биохимии и питания сельскохозяйственных животных _aВсероссийский НИИ физиологии, биохимии и питания сельскохозяйственных животных (Боровск) |
|
| 510 | 1 |
_aProblems of productive animal biology _zeng |
|
| 510 | 1 |
_aProblemy biologii productivnykh zhivotnykh _zint |
|
| 606 | 1 |
_aСельскохозяйственные животные _xПродуктивность _xБиологические основы _91616590 _3RU\NLR\AUTH\661011203 |
|
| 686 | 1 | _aП560я52 | |
| 686 | 1 | _aП52я52 | |
| 711 | 0 | 2 |
_aВсероссийский НИИ физиологии, биохимии и питания сельскохозяйственных животных _cБоровск _3RU\NLR\AUTH\8810031114 _9560874 |
| 712 | 0 | 2 |
_4570 _aРоссийская академия сельскохозяйственных наук _3RU\NLR\AUTH\8817866 _9308982 |
| 801 | 2 |
_aRU _bNLR _c20080717 _2rusmarc |
|
| 801 | 0 |
_aRU _bNLR _gPSBO |
|
| 801 | 1 |
_aRU _bNLR _c20080711 _2rusmarc |
|
| 852 |
_aNLR _jП14/796 |
||
| 942 | _cJOURNAL | ||
| 980 | _aRUSPER | ||